00329nam a2200133Ia 4500008004100000082001800041100001600059245003100075250000800106260002900114300001200143500002400155650001600179230524s9999 xx 000 0 und d a621.3692bAGA aD.C.Agarwal 0aFiber Optic Communications a2ND aNEW DELHIbS.Chandc2003 aXVI;428 aQuantity Number: 2 aElectronics